000 00370nam a2200181Ia 4500
003 0STCL
008 150530s9999 xx 000 0 und d
040 _aSTCL
_cSTCL
100 _aRavi Shanker
245 _aKalam
250 _a1
260 _c2002
_aBanglore
300 _a0
546 _aMalayalam
942 _2ddc
_cBK
999 _c2076
_d2076
005 20220125160235.0